Normal view
MARC view
- Fink, Donald G
Entry Personal Name
001 - CONTROL NUMBER
- control field: 6889
003 - CONTROL NUMBER IDENTIFIER
- control field: OSt
005 - DATE AND TIME OF LATEST TRANSACTION
- control field: 20250108161426.0
008 - FIXED-LENGTH DATA ELEMENTS
- fixed length control field: 250108|| aca||aabn | a|a d
040 ## - CATALOGING SOURCE
- Original cataloging agency: OSt
- Transcribing agency: OSt
100 ## - HEADING--PERSONAL NAME
- Personal name: Fink, Donald G
670 ## - SOURCE DATA FOUND
- Source citation: Work cat.: (OSt)10644: Fink, Donald G ., Physics of television /
